Gender Sensitization (Record no. 196542)

MARC details
000 -LEADER
fixed length control field 00700 a2200229 4500
005 - DATE AND TIME OF LATEST TRANSACTION
control field 20230714152129.0
010 ## - LCCN (DPL NO)
LC control number ENG-137400
020 ## - INTERNATIONAL STANDARD BOOK NUMBER
International Standard Book Number 9789395820004
Terms of availability 244.00
035 ## - SYSTEM CONTROL NUMBER
System control number EN-120932
037 ## - SOURCE OF ACQUISITION
Source of stock number/acquisition DBAD/Pub
082 14 - DEWEY DECIMAL CLASSIFICATION NUMBER
Classification number 305.42
100 ## - MAIN ENTRY--PERSONAL NAME
Personal name Bala, A. Usha
245 1# - TITLE STATEMENT
Title Gender Sensitization
Statement of responsibility, etc A. Usha Bala et al
250 ## - EDITION STATEMENT
Edition statement First edition.
260 ## - PUBLICATION, DISTRIBUTION, ETC. (IMPRINT)
Place of publication, distribution, etc Hyderabad
Name of publisher, distributor, etc Spectrum Educational Books
Date of publication, distribution, etc 2022
270 ## - ADDRESS
Address 7-1-277/242. 1st floor, near B K Guda Park, S R Nagar
City Hyderabad
Postal code 500 038
300 ## - PHYSICAL DESCRIPTION
Extent xiv, 162p.;
Dimensions 25cm(pbk)
700 ## - ADDED ENTRY--PERSONAL NAME
Personal name Rao, G. Nageswara
700 ## - ADDED ENTRY--PERSONAL NAME
Personal name Shakeel, Shaik
700 ## - ADDED ENTRY--PERSONAL NAME
Personal name Sreekanth, K.
942 ## - ADDED ENTRY ELEMENTS (KOHA)
Item type English Books
Source of classification or shelving scheme Dewey Decimal Classification
Classification part 305.42
Call number suffix BAL
Edition First edition
Holdings
Withdrawn status Lost status Not for loan Collection code Home library Current library Date acquired Source of acquisition Cost, normal purchase price Full call number Barcode Copy number Cost, replacement price Koha item type
      Non-fiction Narela Narela 14/07/2023 DBAD/PUB 244.00 305.42 BAL EN-120932 1 244.00 English Books

© Delhi Public Library
Hit Counter
free hit counter